000 00534nam a2200193Ia 4500
005 20250326140651.0
008 250326s9999 xx 000 0 und d
037 _aTextbook
040 _aFMSL
_beng
_cFMSL
041 _aeng
_2eng
084 _aX62 Q0
_qFMSL
100 _aBharathi G V
_9742810
245 0 _aPerformance of co-operative banks
_cBharathi G V; Reddy P M
260 _aNew Delhi
_bNew Delhi, Serials
_c2010
365 _b650
650 _aManagement
942 _cTB
_hX62 Q0
999 _c1286808
_d1286808